|
|
|
|
| LEADER |
00000nam a22000007i 4500 |
| 001 |
IT\ICCU\UBO\4004598 |
| 003 |
ItRI |
| 005 |
20260115232049.0 |
| 008 |
130415s2010 it |||||| ||||| |||||c |
| 020 |
|
|
|a 9788817043878
|
| 040 |
|
|
|b ita
|c importazione bologna sebina
|
| 041 |
|
7 |
|a ita
|2 ISO-639-2
|
| 100 |
1 |
|
|a Solotareff, Grégoire
|0 IT\ICCU\RAVV\074887
|
| 240 |
1 |
0 |
|a Loulou
|3 IT\ICCU\RAV\0271976
|9 Solotareff, Grégoire
|
| 245 |
1 |
0 |
|a Lulù /
|c Grégoire Solotareff.
|
| 260 |
|
|
|a Milano :
|b Rizzoli,
|c 2010
|
| 300 |
|
|
|a [30] p. :
|b cartone, in gran parte ill. ;
|c 39 cm
|
| 500 |
|
|
|a Titolo della copertina
|
| 500 |
|
|
|a Traduzione di Cristina Scalabrini.
|
| 942 |
|
|
|2 ddc
|c BK
|n 0
|
| 952 |
|
|
|0 0
|1 0
|4 0
|6 R_843_914000000000000_SOL
|7 0
|9 19419
|a BO
|b BO
|d 2026-01-15
|i 17373
|l 0
|o R 843.914 SOL
|p BO17373
|r 2026-01-15 23:20:49
|w 2026-01-15
|x [Sebina 5] [1 v.]
|y BK
|z 1 v.
|
| 999 |
|
|
|c 16530
|d 16530
|